ბათუმის შოთა რუსთაველის სახელმწიფო უნივერსიტეტის ბიბლიოთეკა

ბუნება : (ბიბ.ჩანაწერი № 63002)

000 -ლიდერი
ფიქსირებული სიგრძის საკონტროლო ველი 01272nam a22002177a 4500
003 - საკონტროლო ნომრის იდენტიფიკატორი
საკონტროლო ველი Ge_BSU
005 - ბოლო ოპერაციის თარიღი და დრო
საკონტროლო ველი 20250429115900.0
008 - ფიქსირებული სიგრძის მონაცემთა ელემენტები - ზოგადი ინფორმაცია
ფიქსირებული სიგრძის საკონტროლო ველი 250429s2007 ge ||||| |||| 00| 0 geo d
020 ## - წიგნის საერთაშორისო სტანდარტული ნომერი
International Standard Book Number 9789941000263
041 ## - ენის კოდი
Language code of text/sound track or separate title geo
080 ## - უნივერსალური ათობითი კლასიფიკაციის ინდექსი
Universal Decimal Classification number 502(072) გ-95
100 ## - მთავარი ჩანაწერი - პიროვნების სახელი
Personal name გუნია, ნია
9 (RLIN) 24964
245 ## - ცნობა სათაურის შესახებ
Title ბუნება :
Remainder of title მასწავლებლის სარეკომენ. წიგნი მე-2 კლასი /
Statement of responsibility, etc ნია გუნია, მარიამ ფირანიშვილი, ნათელა ძანაშვილი-ყანჩაშვილი ; [რედ. ნაირა მამუკელაშვილი-სიმონიშვილი].
264 ## - წარმოების, გამოცემის, დისტრიბუციის და სხვა ცნობები
გამოცემის, წარმოების, დისტრიბუციის... ადგილი თბ. :
გამოცემის, წარმოების, დისტრიბუციის... სახელწოდება ზენა,
გამოცემის, წარმოების, დისტრიბუციის... თარიღი 2007.
300 ## - ფიზიკური აღწერა
Extent 100 გვ. :
Other physical details ილ. ;
Dimensions 28 სმ.
653 ## - INDEX TERM--UNCONTROLLED
Uncontrolled term ბუნებისმცოდნეობა
700 ## - ADDED ENTRY--PERSONAL NAME
Personal name ფირანიშვილი, მარიამ
Relator term ავტორი
9 (RLIN) 24965
700 ## - ADDED ENTRY--PERSONAL NAME
Personal name ძანაშვილი-ყანჩაშვილი, ნათელა
Relator term ავტორი
9 (RLIN) 24966
700 ## - ADDED ENTRY--PERSONAL NAME
Personal name მამუკელაშვილი-სიმონიშვილი, ნაირა
Relator term რედაქტორი
9 (RLIN) 24967
942 ## - ADDED ENTRY ELEMENTS (KOHA)
Source of classification or shelving scheme
Koha item type წიგნი
ეგზემპლარები
ჩამოწერის სტატუსი დაკარგული ეგზემპლარის სტატუსი კლასიფიკაციის წყარო ან თაროზე გაწყობის სქემა დაზიანების სტატუსი არ გაიცემა მუდმივი მდებარეობა (დაცვის ადგილი) ამჟამინდელი ადგილსამყოფელი თაროზე განთავსების ადგილი შეძენის თარიღი ღირებულება, შესყიდვის ნორმალური ფასი სრული შენახვის შიფრი შტრიხკოდი ბოლო ოპერაციის თარიღი ეგზემპლარის მიმდევრობითი ნომერი (კეტერი?) ფასის ძალაში შესვლის თარიღი ეგზემპლარის სახეობა საჯარო შენიშვნა
          ბათუმის შოთა რუსთაველის სახელმწიფო უნივერსიტეტის მთავარი ბიბლიოთეკა ბათუმის შოთა რუსთაველის სახელმწიფო უნივერსიტეტის მთავარი ბიბლიოთეკა წიგნსაცავი 2025-04-29 5.00 502(072) გ-95 71293 2025-04-29 71293 2025-04-29 წიგნი 5 ლ.